| 000 | 00000cas 2200000za 4500 |
| 001 | 9.804214 |
| 003 | CaOODSP |
| 005 | 20260325131319 |
| 007 | cr ||||||||||| |
| 008 | 150406c20159999oncwr p o||||f0 |0eng| |
| 022 | |a1701-4751 |
| 040 | |aCaOODSP|beng |
| 043 | |an-cn--- |
| 086 | 1 |aRG42-2E-PDF |
| 130 | 0 |aTrade-marks journal (Ottawa, Ont. : Online) |
| 210 | 0 |aTrade-marks j. |b(Ott., Online) |
| 222 | 0|aTrade-marks journal|b(Ottawa. Online) |
| 245 | 10|aTrade-marks journal |h[electronic resource]. |
| 246 | 13|aTrademarks journal |
| 260 | |aOttawa : |bCanadian Intellectual Property Office,|c2015- |
| 310 | |aWeekly |
| 362 | 1 |aVol. 62, No. 3179, September 30, 2015- |
| 520 | 3 |aInformation for individuals and companies who wish to register trademarks. |
| 710 | 2 |aCanadian Intellectual Property Office. |
| 775 | 08|tJournal des marques de commerce |w(CaOODSP)9.803971 |
| 776 | 0#|tJournal des marques de commerce |w(CaOODSP)9.508657 |
| 780 | 00|tTrade-marks journal |w(CaOODSP)9.500143 |